000
00389nam a2200133Ia 4500
008
100328s9999 xx 000 0 und d
082
_b
50724
100
_a
भिडे चारुशीला
245
_a
प्रकाश किरण.
260
_b
देविका
630
_a
प्रकाश किरण.
730
_a
प्रकाश किरण.
942
_c
BOOK
999
_c
537807
_d
537804